Testovanie vybraných stratégií na forexovom trhu diplomová práca

Salvato in:
Dettagli Bibliografici
Autore principale: Maršala, Jozef
Ente Autore: Národohospodárska fakulta EU. Katedra bankovníctva a medzinárodných financií
Altri autori: Kotlebová, Jana, 1969-
Natura: Libro
Lingua:slovacco
Pubblicazione: Bratislava 2021
Tags: Aggiungi Tag
Nessun Tag, puoi essere il primo ad aggiungerne!!

MARC

LEADER 00000nbm a2200000 4500
001 0274200
005 20220110140102.0
041 0 |a slo 
044 |a SK 
245 1 0 |a Testovanie vybraných stratégií na forexovom trhu  |b diplomová práca  |c Jozef Maršala ; školiteľ: Jana Kotlebová 
264 1 |a Bratislava  |c 2021 
300 |a 87 s. 
100 1 |a Maršala, Jozef 
700 1 |a Kotlebová, Jana, 1969- 
710 2 |a Národohospodárska fakulta EU. Katedra bankovníctva a medzinárodných financií